ESG and Real Estate (Record no. 121327)

MARC details
000 -LEADER
fixed length control field 01237nam a22002777a 4500
008 - FIXED-LENGTH DATA ELEMENTS--GENERAL INFORMATION
fixed length control field 230124b2022 gw ||||| |||| 00| 0 eng d
020 ## - INTERNATIONAL STANDARD BOOK NUMBER
ISBN 9783648163481
041 ## - LANGUAGE CODE
Language code of text/sound track or separate title eng
050 ## - Library of Congress Classification
Class mark 307.76
100 ## - MAIN ENTRY--PERSONAL NAME
Personal author Hackelberg, Florian
245 ## - TITLE STATEMENT
Title ESG and Real Estate
Subtitle a practical guide for the entire real estate and investment life cycle
250 ## - EDITION
Edition statement 1st
260 ## - PUBLICATION INFORMATION
Place of publication Munich,
Publisher Haufe,
Date 2022
300 ## - PHYSICAL DESCRIPTION
Physical description 585p.
500 ## - GENERAL NOTE
General note Book donated by the author
520 ## - ABSTRACT
Abstract The authors give an overview of German and European regulations. They highlight the importance of Environmental & Social Governance requirements in areas such as new construction, refurbishment (retrofit) & real estate management. Sustainability in the real estate industry examining the ESG transformation and growing regulatory pressure; interdisciplinary analysis of regulatory and market trends; ESG in a German national and international context; definition and measurement of ESG criteria. Digitalization.
583 ## - ACTION NOTE
Action Donated by the author
650 ## - KEYWORDS
Keywords Real Estate
650 ## - KEYWORDS
Keywords ESG
650 ## - KEYWORDS
Keywords Investment
651 ## - SUBJECT ADDED ENTRY--GEOGRAPHIC NAME
Geographic name Germany
700 ## - ADDED PERSONAL NAME
Added personal author Hackelberg, Florian
700 ## - ADDED PERSONAL NAME
Added personal author Veith, Thomas
700 ## - ADDED PERSONAL NAME
Added personal author Conrads, Christiane
942 ## - ADDED ENTRY ELEMENTS (KOHA)
Suppress in OPAC Do not suppress in OPAC
Holdings
Lost status Damaged status Not for loan Home library Current library Shelving location Date acquired Source of acquisition Total Checkouts Full call number Date last seen Price effective from Koha item type
    Not For Loan London London Books 24/01/2023 Donated   307.76 24/01/2023 24/01/2023 Book